MARC

LEADER 00000cam a2200000 7i4500
001 0000002166
005 20030317.0
020 0 0 |a 9798764196 
090 0 0 |a 333.75091724   |b INC 1998 
245 0 0 |a INCOMES from the forest :   |b methods for the development and conservation of forest products for local communities   |c editors, Eva Wollenberg and Andrew Ingles 
260 0 0 |a Bogor, Indonesia :   |b Center for International Forestry Research ; [Bangkok] : World Conservation Union ,   |c 1998 
300 |a x, 227 p. :   |b ill., maps ;   |c 24 cm. 
500 0 0 |a Includes bibliographical references 
650 0 0 |a Forest conservation   |z Developing countries 
650 0 0 |a Forests and forestry   |x Economic aspects   |z Developing countries 
650 0 0 |a Forests and forestry   |x Environmental aspects   |z Developing countries 
650 0 0 |a Forests and forestry   |x Social aspects   |z Developing countries 
700 0 1 |a Ingles   |h Andrew 
700 0 1 |a Wollenberg   |h Eva 
710 1 1 |a Center for International Forestry Research (CIFOR) 
710 1 1 |a International Union for Conservation of Nature and Natural Resources 
998 |a JPSM 
999 |a 0000003580   |b Monograph   |c Open Shelf   |e Default branch